[Event "Roncana op-C 9th"]
[Site "Santa Eulalia de Roncana"]
[Date "2015.11.21"]
[Round "7"]
[White "Asensio Berna, David"]
[Black "Lajarin Rallo, Oscar"]
[Result "1-0"]
[WhiteElo "1738"]
[BlackElo "1494"]
[PlyCount "49"]
[EventDate "2015.10.03"]
[EventType "swiss"]
[EventRounds "8"]
[EventCountry "ESP"]
[SourceTitle "EXT 2017"]
[Source "ChessBase"]
[SourceDate "2016.10.25"]
[SourceVersion "1"]
[SourceVersionDate "2016.10.25"]
[SourceQuality "1"]

1. e4 e5 2. Nf3 Nc6 3. Bc4 Bc5 4. 0-0 d6 5. d3 Bg4 6. Re1 Nd4 7. Nbd2 Nf6 8. h3 Bh5 9. Kh1 0-0 10. Rg1 h6 11. g4 Nxg4 12. hxg4 Bxg4 13. Rxg4 Qd7 14. Qg1 Kh8 15. Nh4 Ne2 16. Qg2 Nf4 17. Qf3 Ne6 18. Nf5 Ng5 19. Qg3 Rad8 20. Nf3 Ne6 21. Qh3 Ng5 22. Nxg5 Bxf2 23. Nxh6 gxh6 24. Qxh6+ Kg8 25. Qh7# 1-0